O (ne)účinnosti ústavnej sťažnosti podľa článku 127 ústavy vo vzťahu k prieťahom v konaní

Bibliographic Details
Main Author: Bálintová, Miroslava, 1977- (Author)
Format: Article
Language:Slovak
ISSN:1335-6461
Subjects:

MARC

LEADER 00000nab a2200000 a 4500
001 vtls008422939
003 SK-MaSNL
005 20260304140109.0
008 250505c2005 xo mr|p|||||||000 b|slo
015 |a SNBRB2005/12 
035 |a (uuid)88edea30-3be3-40b9-9556-86da76e8eaf0 
035 |a urn:nbn:sk:snk-abwg9 
035 |a (urnnbn)urn:nbn:sk:snk:ar-00513i 
038 |a SNKBUCL 
040 |a SNKBUCL  |b slo  |c SNKBUCL  |e AACR2 
041 0 |a slo  |b eng 
044 |a xo  |c SK 
080 |a 342.7  |2 1997 
080 |a 343.13  |2 1997 
100 1 |a Bálintová, Miroslava,  |d 1977-  |4 aut  |9 231679 
245 1 0 |a O (ne)účinnosti ústavnej sťažnosti podľa článku 127 ústavy vo vzťahu k prieťahom v konaní  |c Miroslava Bálintová 
504 |a Bibliogr. odkazy 
546 |a Res. angl. 
650 0 7 |a prieťahy v konaní  |2 snkbucl  |9 1032677 
650 0 7 |a ústavné sťažnosti  |2 snkbucl  |9 1456145 
773 0 |t Justičná revue  |g Roč. 57, č. 5 (2005), s. 637-647  |x 1335-6461 
850 |a Slovenská národná knižnica 
852 |a Slovenská národná knižnica 
954 |a odborná, vedecká literatúra pôvodná (slovenská)  |2 lita 
958 |a article27 
958 |a OND 
958 |a NB 
958 |a EUIPO 
999 |c 2913595  |d 2915525